00237nam a22001097a 4500999001700000082001400017100002300031245004600054260001100100300000900111942000700120 c65401d65398 a297.17MAZ aDr Mahar abdul Haq aEducational philosophy of the Holy Quran aLahore a330p cBK